000 004920000a22001810004500
003 MACL
005 20151217141928.0
008 151217b xxu||||| |||| 00| 0 eng d
040 _aMACL
_cMACL
041 _aEnglish
082 _a030/SUR
100 _aSuri R K
_920763
245 _aInformation System Management
_bvol 3 IT Encyclopaedia . Com
260 _bPenatgon Press
_c2001
350 _a9900 (12 volumes set with a CD)
650 _aEncyclopaedia
_920772
942 _cBK
_k030/SUR
_2ddc
999 _c40043
_d40043